02009nam a2200361 a 4500001001200000003000800012006001900020007001500039008004100054010001700095015001900112016001800131020004300149020004000192040002100232035002100253050002500274082001700299100002600316245011300342260007000455300001100525490007800536504006700614505052700681533015201208650001301360650002301373655002901396710001701425830007901442856012601521ebr10373406CaPaEBRm u cr cn|||||||||090428s2009 enk sb 001 0 eng  z 2009017752 aGBA9811242bnb7 z0153511762Uk z9780754666738 (hardcover : alk. paper) z0754666735 (hardcover : alk. paper) aCaPaEBRcCaPaEBR a(OCoLC)64789640414aBT111.3b.B33 2009eb04a231/.0442221 aBacon, Hannah,d1978-10aWhat's right with the Trinity?h[electronic resource] :bconversations in feminist theology /cHannah Bacon. aFarnham, England ;aBurlington, Vt. :bAshgate Pub. Ltd.,cc2009. a225 p.1 aAshgate new critical thinking in religion, theology, and biblical studies aIncludes bibliographical references (p. [201]-215 ) and index.0 aIntroduction: Thinking and speaking rightly about God -- What's wrong with the Trinity? : a feminist critique -- Thinking God as Trinity -- Working towards an Orthodox-contextual methodology : a dialogue with Karl Barth and Friedrich Schleiermacher -- From 'experience' to 'women's experience' -- From 'women's experience' to 'speaking (as) woman : Luce Irigaray abd parler-femme -- This God which is not-one : thinking the Trinity in light of feminist theological methodology -- Conclusion: What's right with the Trinity? aElectronic reproduction.bPalo Alto, Calif. :cebrary,d2013.nAvailable via World Wide Web.nAccess may be limited to ebrary affiliated libraries. 0aTrinity. 0aFeminist theology. 7aElectronic books.2local2 aebrary, Inc. 0aAshgate new critical thinking in religion, theology, and biblical studies.40uhttp://site.ebrary.com/lib/rucke/Doc?id=10373406zAn electronic book accessible through the World Wide Web; click to view